000 00692nam a2200229Ia 4500
005 20260429112023.0
008 260429s9999||||xx |||||||||||||| ||und||
020 _a9781032287331
041 _aEnglish
082 _a370.1
_bBEZ
100 _aBezalel, Glenn Y.
245 0 _aTeaching classroom controversies :
_bnavigating complex teaching issues in the age of fake news and alternative facts /
_cGlenn Y. Bezalel
250 _a1st ed.
260 _aNew York :
_bRoutledge,
_c2024.
300 _a185 p.; pbk
650 _a Critical thinking
650 _a Educational ethics
650 _a Fake news
650 _a Media literacy
650 _aClassroom management
942 _cTB
999 _c51924
_d51924